000 01321nam a2200277 a 4500
001 BRCA_1086
005 20190320203255.0
008 920428m19921994mx-a---##b---#000-0#spa-#
020 _a9686752005 (v.1)
020 _a9686963359 (v.2)
050 4 _aN6553
_b.M86 1992
245 1 0 _aPintura novohispana
_bMuseo Nacional del Virreinato : Tepotzotlán
_cautores, Roberto M. Alarcón Cedillo, Ma. del Rosario García de Toxqui ; con la colaboración de Ana Joaquina Montalvo de Morales ... [et al.].
260 _aMéxico
_bAsociación de Amigos del Museo Nacional del Virreinato
_c1992-1994
300 _a3 v.
_bil. (algunas a color)
_c30 cm.
500 _aLa biblioteca cuenta con el vol. 1 y 2
504 _aBibliografía: p. 194-195
505 0 _aContenido : v.1. Siglos XVI, XVII y principios del XVIII. -- v.2. Siglos XVIII, XIX, and XX, primera parte. -- v.3. Siglos XVII-XX, segunda parte
610 2 4 _aMuseo Nacional del Virreinato (México)
_vCatálogos
_93572
650 1 4 _aArte colonial
_vCatálogos
_zMéxico
_93573
650 1 4 _aArte mexicano
_vCatálogos
_93574
650 1 4 _aArte
_vCatálogos
_zMéxico
_93575
700 1 _aAlarcón Cedillo, Roberto M.
_91353
700 1 _aGarcía de Toxqui, Ma. del Rosario
_q(María del Rosario)
_93576
700 1 _aMontalvo de Morales, Ana Joaquina
_93577
942 _2lcc
_cB
999 _c965
_d965